01039nam a2200157 a 4500008004100000020001500041041000800056100001800064245003500082250004000117260003800157300001100195500007800206505058200284655001500866190917e2001 sp |||g |||| 001 0 spa d a8401422825 aspa1 aBradbury, Ray aFahrenheit 451 /cRay Bradbury a1a ed.bTraducción Alfredo Crespo aBarcelona:bPlaza & Janes;c2001. a174 p. aBradbury, R. (2001). Fahrenheit 451. (1a ed.). Barcelona : Plaza & Janes. aFarenheit 451 ofrece la historia de un sombrío y horroroso futuro. Montag, el protagonista, pertenece a una extraña brigada de bomberos cuya misión, paradójicamente, no es la de sofocar incendios sino la de provocarlos, para quemar libros. Porque en el país de Montag está terminantemente prohibido leer. Porque leer obliga a pensar y en el país de Montag está prohibido pensar. Porque leer impide ser ingenuamente feliz, y en el país de Montag hay que ser feliz a la fuerza... la novela más célebre de Ray Bradbury, maestro de la ficción científica.  aLiteratura